000 00587nam a22001937a 4500
003 OSt
005 20260119011923.0
008 260119b |||||||| |||| 00| 0 eng d
020 _a0-87668-280-8.
040 _aDWC-Main lib.
_cOC
082 _aCirc. 616.89 H673 1991
100 _aEhrenwald, Jan
245 _aThe history of psychotherapy/
_cJan Ehrenwald
260 _aN. J. :
_bJason Aronson Inc.,
_cc1991.
300 _a589 p. ;
_c23 cm.
504 _aIncludes bibliographical references and index.
650 _a1. Psychotherapy-History.
942 _2ddc
_cBK-CIRC
_hCirc.
_n0
999 _c7506
_d7506